1815 1194 1900 1953 1438 1938 1124 1521 1741 1749 1178 1402 1566 1316 1663 1083 1432 1562 1465 1358 1309 1953 1006 1573 1892 1872 1892 1706 1276 1096 1466 1417 1457 1230 1494 1827 1884 1237 1253 1638 1131 1215 1784 1482 1945 1998 1758 1309 1394 1138 1128 1691 1744 1903 1738 1142 1049 1893 1280 1893 1952 1636 1305 1926 1485 1586 1028 1626 1204 1770 1069 1811 1270 1952 1076 1776 1734 1738 1357 1738 1726 1456 1600 1526 1611 1746 1208 1798 1258 1029 1593 1363 1217 1365 1764 1416 1426 1244 1954 BCNSPRNW ULIB Ver.6.0+V

เปลี่ยนเป็นภาษาไทย

Change to English
 แสดงรายละเอียดบรรณานุกรม
  กลับหน้าหลัก

Brief Record : Get Marc (ISO 2709) : E-mail record : QR code < ปิดหน้าต่าง
LEADER : 00000nam 2200000uu 4500
001    13399121897
003     ULIB
008    120731s2552||||th 000 0 tha d
020    ^a9786110600552
090    ^aนว.^bม750ต 2552
100 0  ^aเมเปิ้ลสีขาว
245 00 ^aต่างรักตรงใจ /^cเมเปิ้ลสีขาว
250    ^aพิมพ์ครั้งที่ 1
260    ^aกรุงเทพฯ :^bแจ่มใส,^c2552
300    ^a443 หน้า
500    ชุดพิเศษ ความรู้สึกดี...ที่เรียกว่ารัก
710 1  ^aแจ่มใส
945    ^p269^l0^i15939
995    ^aกัณชพร
999    ^aใช้งานได้ทุกระบบ
รายการนี้ยังไม่มีแท็ก
คุณยังไม่ได้ล็อกอิน คุณสามารถมีกิจกรรมร่วมกับเว็บไซต์ได้ แต่ต้องล็อกอินก่อน ::
  ล็อกอิน

รายการสื่อสารสนเทศ

ลำดับที่ ประเภท เลขเรียก/บาร์โค้ด สถานที่ สถานะ
1. นวนิยาย
นวนิยาย
นว. ม750ต 2552 ฉ.1 
  Barcode: 15939
ห้องสมุดวิทยาเขตสวรรค์ประชารักษ์
►นวนิยาย
บนชั้น
  ขอยืม

รายการใกล้เคียง
    ผู้แต่ง [เมเปิ้ลสีขาว]

BibComment


ยังไม่เคยถูกคอมเมนท์

คอมเมนท์ทรัพยากรรายการนี้
  คอมเมนท์: ต่างรักตรงใจ เม..


 Copyright 2026. Bcnsprnw @Library